[Event "Krasnodar Region-ch"]
[Site "Slaviansk na Kubani"]
[Date "2009.10.17"]
[Round "5"]
[White "Markosian, Sergey"]
[Black "Shvein, Jury"]
[Result "0-1"]
[WhiteElo "1865"]
[BlackElo "2033"]
[PlyCount "96"]
[EventDate "2009.10.17"]
[EventType "swiss"]
[EventRounds "9"]
[EventCountry "RUS"]
[SourceTitle "EXT 2013"]
[Source "ChessBase"]
[SourceDate "2012.11.22"]
[SourceVersion "1"]
[SourceVersionDate "2012.11.22"]
[SourceQuality "1"]

1. e4 e5 2. Nf3 Nc6 3. b3 Nf6 4. Bb2 d6 5. Nc3 Bg4 6. h3 Bxf3 7. Qxf3 Nd4 8. Qd1 Be7 9. Nb5 Ne6 10. d3 c6 11. Nc3 d5 12. exd5 cxd5 13. Ne2 Qc7 14. g3 d4 15. a3 Rc8 16. Rc1 Bxa3 17. Bxa3 Qa5+ 18. Qd2 Qxa3 19. Bg2 Qa6 20. 0-0 0-0 21. Ra1 Qb6 22. Ra2 a6 23. Rfa1 Nd8 24. f4 e4 25. Kh2 e3 26. Qe1 Nc6 27. Ra4 Rfd8 28. g4 Nd5 29. g5 Ncb4 30. Qh4 g6 31. f5 Qd6+ 32. Kh1 Rxc2 33. fxg6 hxg6 34. Qg4 Nc3 35. Nxc3 Rxc3 36. h4 Nxd3 37. Qf3 Nf2+ 38. Kg1 Rdc8 39. Rf1 Rxb3 40. Re1 b5 41. Qb7 Rc2 42. Rxa6 Qg3 43. Rea1 Nh3+ 44. Kh1 Nf4 45. Qxf7+ Kxf7 46. Rf6+ Ke7 47. Ra7+ Rc7 48. Rxc7+ Kd8 0-1